|
|
|
|
| LEADER |
02172nam a2200445 i 4500 |
| 001 |
EBC2040141 |
| 003 |
MiAaPQ |
| 005 |
20200520144314.0 |
| 006 |
m o d | |
| 007 |
cr cnu|||||||| |
| 008 |
150514t20152015dcua o 000 0 eng d |
| 020 |
|
|
|z 9781484312728
|
| 020 |
|
|
|a 9781484313619
|q (electronic bk.)
|
| 035 |
|
|
|a (MiAaPQ)EBC2040141
|
| 035 |
|
|
|a (Au-PeEL)EBL2040141
|
| 035 |
|
|
|a (CaPaEBR)ebr11052009
|
| 035 |
|
|
|a (OCoLC)908671317
|
| 040 |
|
|
|a MiAaPQ
|b eng
|e rda
|e pn
|c MiAaPQ
|d MiAaPQ
|
| 043 |
|
|
|a n-us---
|
| 050 |
|
4 |
|a HG1778.U5
|b .I584 2015
|
| 082 |
0 |
|
|a 332.10973
|2 23
|
| 110 |
2 |
|
|a International Monetary Fund,
|e author.
|
| 245 |
1 |
0 |
|a United States :
|b financial sector assessment program-detailed assessment of observance on the Basel core principles for effective banking supervision /
|c International Monetary Fund.
|
| 264 |
|
1 |
|a Washington, District of Columbia :
|b International Monetary Fund,
|c 2015.
|
| 264 |
|
4 |
|c 2015
|
| 300 |
|
|
|a 1 online resource (258 pages) :
|b illustrations (some color).
|
| 336 |
|
|
|a text
|2 rdacontent
|
| 337 |
|
|
|a computer
|2 rdamedia
|
| 338 |
|
|
|a online resource
|2 rdacarrier
|
| 490 |
1 |
|
|a IMF Country Report ;
|v Number 15/89
|
| 588 |
|
|
|a Description based on online resource; title from PDF cover (ebrary, viewed May 13, 2015).
|
| 590 |
|
|
|a Electronic reproduction. Ann Arbor, MI : ProQuest, 2015. Available via World Wide Web. Access may be limited to ProQuest affiliated libraries.
|
| 650 |
|
0 |
|a Banks and banking
|x State supervision
|z United States.
|
| 650 |
|
0 |
|a Banks and banking
|z United States.
|
| 650 |
|
0 |
|a Banking law
|z United States.
|
| 655 |
|
4 |
|a Electronic books.
|
| 776 |
0 |
8 |
|i Print version:
|a International Monetary Fund.
|t United States : financial sector assessment program-detailed assessment of observance on the Basel core principles for effective banking supervision.
|d Washington, District of Columbia : International Monetary Fund, c2015
|h 256 pages
|k IMF Country Report ; Number 15/89
|z 9781484312728
|
| 797 |
2 |
|
|a ProQuest (Firm)
|
| 830 |
|
0 |
|a IMF country report ;
|v Number 15/89.
|
| 856 |
4 |
0 |
|u https://ebookcentral.proquest.com/lib/matrademy/detail.action?docID=2040141
|z Click to View
|